ბათუმის შოთა რუსთაველის სახელმწიფო უნივერსიტეტის ბიბლიოთეკა

დიაქრონიული ფონოტაქტიკა და რომანული კონსონანტიზმის პრობლემები (ბიბ.ჩანაწერი № 51182)

000 -LEADER
fixed length control field 01413nam a2200289Ia 4500
001 - CONTROL NUMBER
control field 18141
003 - CONTROL NUMBER IDENTIFIER
control field GE_BSU
008 - FIXED-LENGTH DATA ELEMENTS--GENERAL INFORMATION
fixed length control field 181216s||||||||xx |||||||||||||| ||und||
020 ## - INTERNATIONAL STANDARD BOOK NUMBER
International Standard Book Number 99928730213
040 ## - CATALOGING SOURCE
Transcribing agency GE_BSU
080 ## - UNIVERSAL DECIMAL CLASSIFICATION NUMBER
Universal Decimal Classification number 811.13'342
100 ## - MAIN ENTRY--PERSONAL NAME
Personal name ახვლედიანი , ციური.
245 ## - TITLE STATEMENT
Title დიაქრონიული ფონოტაქტიკა და რომანული კონსონანტიზმის პრობლემები
245 ## - TITLE STATEMENT
Statement of responsibility, etc. რედ.ირინა ჟღენტი
260 ## - PUBLICATION, DISTRIBUTION, ETC.
Place of publication, distribution, etc. თბილისი
260 ## - PUBLICATION, DISTRIBUTION, ETC.
Name of publisher, distributor, etc. მედეა
260 ## - PUBLICATION, DISTRIBUTION, ETC.
Date of publication, distribution, etc. 2008
300 ## - PHYSICAL DESCRIPTION
Extent 186გვ. 21სმ.
300 ## - PHYSICAL DESCRIPTION
Accompanying material ბიბლ.გვ.179-185
520 ## - SUMMARY, ETC.
Summary, etc. ძვირფას მასწავლებელს ვინც ჩამინერგა ფონეტიკის სიყვარული აკადემიკოს გიორგი ახვლედიანს ვუძღვნი ამ წიგნს.
653 ## - INDEX TERM--UNCONTROLLED
Uncontrolled term დიაქრონიული ფონოტაქტიკა და რომანული კონსონანტიზმის პრობლემები
653 ## - INDEX TERM--UNCONTROLLED
Uncontrolled term რომანული ენების ფონეტიკა.
653 ## - INDEX TERM--UNCONTROLLED
Uncontrolled term ფონეტიკა
653 ## - INDEX TERM--UNCONTROLLED
Uncontrolled term ფონოლოგია
942 ## - ADDED ENTRY ELEMENTS (KOHA)
Koha item type წიგნი
ეგზემპლარები
Withdrawn status Lost status Damaged status Not for loan Date acquired Barcode Date last seen Price effective from Koha item type
        2018-12-17 46211 2018-12-17 2018-12-17 წიგნი